Дело об открытии в городе Калязине Таврической губернии клуба

Доступно только в Электронных читальных залах Найти на картеНа карте
RUSMARC
00004024nmc2a22000003x 450
0014dceeebf-318f-481a-9e63-67d42a788d5d
00520210309155948.0
100##$a20181126l18671867k l0rusy0189 ca
1010#$arus
102##$aRU
2001#$aДело об открытии в городе Калязине Таврической губернии клуба
$j7-28 марта 1867 г.
251##$cДело
300##$aДело
300##$aОриг. заголовок дела: Дело об открытии в городе Калязине Тверской губернии клуба. 7 марта 1867 г. - 28 марта 1867 г
801#0$aRU
$bРГИА
$c20181126
$gRCR
801#1$aRU
$bГлавНИВЦ
$c20181126
$2rusmarc
801#2$aRU
$bПБ им. Б.Н. Ельцина
$c20210309
$gRCR
$2rusmarc
850##$aРГИА
852##$aРГИА
$eФедеральное казенное учреждение "Российский государственный исторический архив" (РГИА)
$j34
937##$hРГИА
$d12293609
$aASBIBLIO_SCAN
462#0$100191353b96-cc3d-4f24-9eeb-3bfef1665a95
$12001
$aДела Департамента полиции исполнительной МВД за 1867 год
$1251
$cОпись
$1852
$j28
$l1867 г.
461#0$10013e300ed0-cd39-49af-8489-5ba5b90fa401
$12001
$aДепартамент полиции исполнительной МВД
$1251
$cФонд
$1852
$j1286
215##$a4 л.
$d36,5х26 см
371##$aДокумент не является опубликованным и широко распространяемым
105##$ay###
1222#$ad
5171#$aДело об открытии в городе Калязине Тверской губернии клуба. 7 марта 1867 г. - 28 марта 1867 г
035##$a4dceeebf-318f-481a-9e63-67d42a788d5d
856##$uhttp://readingroom.main.prlib.ru/item.aspx?id_node=n158330218&mode=full
Формат отображения